Kitschkrieg - Lied an Lyrics erraten - Statistiken

Allgemein
  • Dieses Quiz wurde 50 mal gespielt
  • Das Durchschnittsergebnis liegt bei 65 aus 333
Antwortstatistiken
Antwort % Korrekt
ich
85%
a
65%
da
65%
sie
63%
der
55%
das
53%
Die
50%
die
50%
und
50%
den
48%
So
48%
so
48%
bin
45%
Bin
45%
wie
43%
auf
38%
nicht
38%
wenn
38%
an
35%
in
35%
wer
35%
ein
33%
oder
33%
was
33%
zu
33%
hab
30%
meine
30%
will
30%
ist
28%
mit
28%
vor
28%
dass
25%
mei'm
25%
meinem
25%
mich
25%
um
25%
alle
23%
denn
23%
dir
23%
ja
23%
weiß
23%
aber
20%
alles
20%
Alles
20%
aus
20%
doch
20%
Haus
20%
Keiner
20%
keiner
20%
mehr
20%
mein'n
20%
mir
20%
Nacht
20%
sag
20%
unterwegs
20%
wann
20%
weil
20%
dann
18%
dem
18%
heute
18%
hin
18%
Kein'n
18%
kein'n
18%
noch
18%
nur
18%
Sonne
18%
Tag
18%
Uhr
18%
von
18%
letzte
15%
euch
13%
gib
13%
Kurz
13%
über
13%
Wand
13%
ausgebrannt
10%
dank
10%
Flasche
10%
Frag'
10%
Längst
10%
leer
10%
nichts
10%
oft
10%
schmeiß'
10%
schön
10%
Schrank
10%
sich
10%
sorgt
10%
Träume
10%
verdammt
10%
vielen
10%
weit
10%
wieder
10%
wollen
10%
Bock
8%
davon
8%
eines
8%
ey
8%
Freestyle
8%
Gäste
8%
Geistern
8%
gibt
8%
halt
8%
Handgelenk
8%
hm
8%
irgendwas
8%
Jeder
8%
jeder
8%
rief
8%
Rotweinflecken
8%
Schlaf'
8%
schlaf
8%
träumen
8%
träum'n
8%
Weg
8%
weiter
8%
werden
8%
woher
8%
Zeit
8%
Zustand
8%
Drama
5%
drama
5%
eh
5%
gekomm'n
5%
gern
5%
hängen
5%
krank
5%
mh
5%
Mond
5%
schief
5%
schieß
5%
schleichen
5%
selber
5%
singt
5%
Sonnenuntergang
5%
Sterne
5%
Treff'
5%
Vibe
5%
vom
5%
wach
5%
wäre
5%
yay
5%
Arsch
3%
aufm
3%
auf'm
3%
bleibt
3%
bring'n
3%
durch'n
3%
Endlich
3%
endlich
3%
feel
3%
Feinde
3%
Herb
3%
hinaus
3%
Hoffe
3%
irgendwann
3%
Irgendwo
3%
irgendwo
3%
karma
3%
Kraft
3%
länger
3%
like
3%
on
3%
puppet
3%
Schach
3%
Schatten
3%
Schwarz
3%
string
3%
überhaupt
3%
untergeht
3%
verschollen
3%
verscholl'n
3%
wachsen
3%
Wahnsinn
3%
Winter
3%
wohin
3%
zweiten
3%
zwischen
3%
Anfang
0%
Dunkelheit
0%
düst're
0%
ersten
0%
für'n
0%
gegeben
0%
hinterher
0%
jag'
0%
Kinder
0%
schreibe
0%
Screen
0%
sorglos
0%
Strahl
0%
tippe
0%
Toli
0%
trippe
0%
überrascht
0%
verblasst
0%
Verlass
0%
Keine übereinstimmenden Quizze gefunden
Verteilung der Resultate
Anzahl Personen mit jedem Resultat
Perzentil nach korrekt beantworteten Fragen
Ihre Resultats-Entwicklung
Sie haben dieses Quiz noch nicht gespielt